[Event "Ciudad de Pamplona Op"]
[Site "Pamplona ESP"]
[Date "2006.12.29"]
[Round "9.6"]
[White "Villuendas Valero, Adrian"]
[Black "Leranoz Zabalza, Adrian"]
[Result "1-0"]
[WhiteElo "2191"]
[BlackElo "2026"]
[PlyCount "75"]
[EventDate "2006.12.22"]
[EventType "swiss"]
[EventRounds "9"]
[EventCountry "ESP"]
[Source ""]
[SourceDate "2006.12.22"]

1. d4 Nf6 2. c4 Nc6 3. Nf3 e6 4. g3 Bb4+ 5. Bd2 Bxd2+ 6. Nbxd2 d6 7. Bg2 O-O 8.
O-O e5 9. d5 Ne7 10. e4 Nd7 11. b4 f5 12. Ng5 Nf6 13. exf5 Nxf5 14. Ne6 Bxe6
15. dxe6 c6 16. b5 d5 17. bxc6 bxc6 18. cxd5 cxd5 19. Bh3 Nd4 20. Nb3 Nxb3 21.
Qxb3 Qe7 22. Qe3 e4 23. Rac1 Rac8 24. Qd4 Rfe8 25. Qe5 Red8 26. Rfd1 Re8 27. a4
Qa3 28. Rc7 Rxc7 29. Qxc7 Qe7 30. Qc6 Rd8 31. Rb1 e3 32. fxe3 Ne4 33. Qb7 Qg5
34. Qf7+ Kh8 35. Qf4 Qe7 36. Rb8 Qe8 37. Rxd8 Qxd8 38. e7 1-0

[Event "Ciudad de Pamplona Op"]
[Site "Pamplona ESP"]
[Date "2006.12.29"]
[Round "9.7"]
[White "Montoya Irigoyen, Iñigo"]
[Black "Lakunza Oyarbide, Juan Carlos"]
[Result "0-1"]
[WhiteElo "2107"]
[BlackElo "2176"]
[PlyCount "92"]
[EventDate "2006.12.22"]
[EventType "swiss"]
[EventRounds "9"]
[EventCountry "ESP"]
[Source ""]
[SourceDate "2006.12.22"]

1. e4 c5 2. Nf3 Nc6 3. Bb5 e6 4. O-O Nge7 5. Re1 a6 6. Bf1 g6 7. c3 Bg7 8. d4
d6 9. Be3 b6 10. Qd2 O-O 11. Bh6 e5 12. Na3 Bg4 13. Bxg7 Kxg7 14. d5 Nb8 15.
Re3 f5 16. Ng5 f4 17. Rd3 b5 18. Ne6+ Bxe6 19. dxe6 Nc8 20. g3 Nc6 21. Nc2 Qf6
22. Bh3 Nd8 23. e7 Qxe7 24. Bxc8 Rxc8 25. Rxd6 Nf7 26. Rd7 Rcd8 27. Rd1 Rxd7
28. Qxd7 Qxd7 29. Rxd7 Rd8 30. Rxd8 Nxd8 31. gxf4 exf4 32. f3 Kf6 33. b3 Nc6
34. Kf2 g5 35. h3 h5 36. a3 g4 37. hxg4 hxg4 38. fxg4 Kg5 39. Ne1 Kxg4 40. Nd3
c4 41. bxc4 bxc4 42. Nc5 f3 43. Nxa6 Ne5 44. a4 Kf4 45. Nb8 Ng4+ 46. Ke1 Ke3
0-1

[Event "Ciudad de Pamplona Op"]
[Site "Pamplona ESP"]
[Date "2006.12.29"]
[Round "9.9"]
[White "Leon Fernandez, Mario"]
[Black "Burguete Archel, Eduardo"]
[Result "0-1"]
[WhiteElo "1978"]
[BlackElo "2121"]
[PlyCount "58"]
[EventDate "2006.12.22"]
[EventType "swiss"]
[EventRounds "9"]
[EventCountry "ESP"]
[Source ""]
[SourceDate "2006.12.22"]

1. d4 Nf6 2. c4 c5 3. d5 e6 4. Nc3 exd5 5. cxd5 d6 6. Nf3 g6 7. g3 Bg7 8. Bg2
O-O 9. O-O a6 10. a4 Re8 11. Nd2 Nbd7 12. Qb3 Rb8 13. Nc4 Ne5 14. Nb6 Nfd7 15.
Nxc8 Qxc8 16. h3 Nf6 17. f4 Ned7 18. Qc4 b5 19. axb5 Nb6 20. Qb3 axb5 21. Qxb5
Nfxd5 22. Nxd5 Nxd5 23. Qa6 Ne3 24. Bxe3 Rxe3 25. Qxd6 Rxe2 26. Rfe1 Bd4+ 27.
Kh1 Rxg2 28. Kxg2 Rxb2+ 29. Kf3 Rf2+ 0-1

[Event "Ciudad de Pamplona Op"]
[Site "Pamplona ESP"]
[Date "2006.12.29"]
[Round "9.10"]
[White "Gomez Anadon, Daniel"]
[Black "Ballina Amandi, Casimiro"]
[Result "1-0"]
[WhiteElo "2259"]
[BlackElo "1938"]
[PlyCount "55"]
[EventDate "2006.12.22"]
[EventType "swiss"]
[EventRounds "9"]
[EventCountry "ESP"]
[Source ""]
[SourceDate "2006.12.22"]

1. e4 e5 2. Nf3 d6 3. Bc4 c6 4. O-O Nf6 5. Re1 Be7 6. d4 Nbd7 7. Nc3 O-O 8. a4
Qc7 9. b3 exd4 10. Nxd4 Nc5 11. Ba3 Nfd7 12. Nf5 Bf6 13. Bb2 Nb6 14. Qxd6 Qxd6
15. Nxd6 Nxc4 16. Nxc4 Re8 17. Rad1 Be6 18. Nd6 Red8 19. e5 Be7 20. Ba3 Bxd6
21. exd6 Nd7 22. Ne2 c5 23. Nf4 Bf5 24. Rd2 c4 25. Nd5 Kf8 26. Nc7 Rac8 27.
bxc4 Kg8 28. Nd5 1-0